000 00508pab a2200181 454500
008 180718b2002 xxu||||| |||| 00| 0 eng d
100 _aWeerasekera, Kolita S.
245 _aMeasurement of success rate: a case study of open University of Sri Lanka
260 _c2002
300 _ap.99-102
362 _a28 Jan
650 _aCase studies
650 _aEducation - Sri Lanka
650 _aDistance education - Sri Lanka
650 _aDistance education
773 _aUniversity News
909 _a51509
999 _c51509
_d51509